000 00991nab a22002177a 4500
999 _c5465
_d5465
003 OSt
005 20251113131617.0
008 190604e xxu||||| |||| 00| 0 spa d
040 _cPJ
100 _94518
_aUrbina, Paola Alejandra
245 1 3 _aLa importancia de formar en y para ejercer derechos humanos en el ámbito educativo /
_cPaola Alejandra Urbina.
260 _aCiudad Autónoma de Buenos Aires :
_bThomson Reuters La Ley,
_c2025.
300 _ap. 21-27
500 _aCita Online: TR LALEY AR/DOC/284/2025.
505 _tSumario: Sumario: I. Introducción.— II. El dec. 1086/2024.— III. Régimen vigente.— IV. Conclusión.
505 _t¿Te interesa el texto completo? Solicitalo al correo: koha@justierradelfuego.gov.ar
650 0 _9614
_aDERECHOS HUMANOS
650 0 _94592
_aEDUCACION
773 0 _02714
_93171
_dCiudad Autónoma de Buenos Aires : Thomson Reuters La Ley, 2014-
_tRevista anales de legislación argentina. Nº 7 - Julio 2025.
942 _2udc
_cANA